000 00603nam a2200229Ia 4500
003 OSt
005 20220918212110.0
006 a|||||r|||| 00| 0
007 ta
008 220917b |||||||| |||| 00| 0 eng d
024 _a127,253
037 _cTextual
040 _aARTS
_cARTS
_beng
041 _2eng
_aeng
082 _aXv1:N39<-N19, L5
100 _aDavis Joseph S
_9122491
245 0 _aWorld between the wars, 1919-39
_b an economist's view
260 _c1975
650 _aECONOMICS
942 _hXv1:N39<-N19, L5
_cTEXL
_2CC
999 _c250395
_d250395